[Event "TCh-UKR"]
[Site "Alushta UKR"]
[Date "2008.05.25"]
[Round "6"]
[White "Iljin,T"]
[Black "Razin,V"]
[Result "0-1"]
[WhiteElo "2440"]
[BlackElo "2270"]

1.d4 d5 2.c4 dxc4 3.e4 c5 4.d5 e6 5.Nc3 exd5 6.Nxd5 Nc6 7.Bxc4 Bd6 8.Ne2 a6
9.O-O Nf6 10.Nxf6+ Qxf6 11.f4 Bb8 12.Be3 Qe7 13.Nc3 O-O 14.Qf3 b5 15.Bd5 Bb7
16.e5 Qc7 17.Rad1 Ba7 18.Kh1 Rad8 19.Be4 Na5 20.Nd5 Bxd5 21.Bxd5 c4 22.Bxa7 Qxa7
23.f5 Qc7 24.Rfe1 Rde8 25.Qg3 Kh8 26.f6 Rg8 27.e6 Qxg3 28.hxg3 gxf6 29.exf7 Rxe1+
30.Rxe1 Rf8 31.Re6 Kg7 32.Rxa6 Rd8 33.Be6 Nb7 34.Rc6 Rd1+ 35.Kh2 Nd8 36.f8=Q+ Kxf8
37.Rc8 Ke7 38.Bf5 Rd2 39.Rc7+ Ke8 40.b3 cxb3 41.axb3 Rb2 42.Rxh7 Rxb3 43.Bg6+ Kf8
44.Rd7 Nc6 45.Rf7+ Kg8 46.Rxf6 Ne5 47.Bf5 Kg7 48.Re6 Nf7 49.Rg6+ Kf8 50.g4 b4
51.Rb6 Ng5 52.Rf6+ Ke7 53.Rg6 Nf7 54.g3 Rb2+ 55.Kh3 Rf2 56.Rb6 Rb2 57.Re6+ Kf8
58.Rf6 Ke7 59.Rb6 Kf8 60.Rb7 b3 61.Bd3 Ne5 62.Be4 Re2 63.Bd5 b2 64.g5 Rd2
65.Be4 Re2 66.Bf5 Nf7 67.Rb8+ Re8 68.Rxb2 Nxg5+ 69.Kg4 Nf7 70.Rb6 Re1 71.Bc2 Kg7
72.Bb3 Nh6+ 73.Kf4 Rf1+ 74.Kg5 Rf5+ 75.Kh4 Rf1 76.g4 Rg1 77.Rb7+ Kh8 78.Be6 Re1
79.Re7 Re4 80.Kh5 Nxg4 81.Kg6 Ne5+ 82.Kf6 Ng4+ 83.Kf5 Rb4 84.Kg5 Re4  0-1

[Event "58th ch-RUS w HL"]
[Site "Chelyabinsk RUS"]
[Date "2008.06.07"]
[Round "4"]
[White "Romanko,M"]
[Black "Matveeva,S"]
[Result "1-0"]
[WhiteElo "2325"]
[BlackElo "2420"]

1.d4 d5 2.c4 dxc4 3.e4 Nf6 4.e5 Nd5 5.Bxc4 Nb6 6.Bb3 Nc6 7.Nf3 Bg4 8.Bxf7+ Kxf7
9.Ng5+ Ke8 10.Qxg4 Qxd4 11.Qe2 Qxe5 12.Be3 e6 13.O-O Nd5 14.Nf3 Qf5 15.Nc3 Bd6
16.Rfe1 Kd7 17.Rad1 a6 18.g3 Rae8 19.Nd4 Nxd4 20.Bxd4 e5 21.Be3 Nxc3 22.bxc3 Kc8
23.Qb2 Qf3 24.c4 Re6 25.Rd5 c6 26.Rb1 b5 27.Rd2 Kc7 28.a4 Rb8 29.axb5 axb5
30.Qa2 Qe4 31.c5 Bxc5 32.Bxc5  1-0

[Event "TCh-BIH"]
[Site "Neum BIH"]
[Date "2008.06.07"]
[Round "4"]
[White "Timofeev,Arty"]
[Black "Leventic,I"]
[Result "1-0"]
[WhiteElo "2664"]
[BlackElo "2509"]

1.d4 d5 2.c4 dxc4 3.e4 c5 4.d5 Nf6 5.Nc3 e6 6.Bxc4 exd5 7.exd5 a6 8.Nf3 Bd6
9.O-O O-O 10.Bg5 h6 11.Bh4 Bf5 12.Bd3 Bg6 13.Qc2 Kh7 14.Bxg6+ fxg6 15.Ne4 Qc7
16.Bxf6 gxf6 17.Rfe1 Nd7 18.Nxd6 Qxd6 19.Qb3 Rf7 20.Re6 Qc7 21.Rae1 Kg7 22.Nh4 Qf4
23.R6e4 Qg5 24.d6 b5 25.Qf3 h5 26.Re7 Rf8 27.g3 Ne5 28.Qe4 Qg4 29.f4 Nd7
30.Kg2 Ne5 31.h3 Qc8 32.fxe5 f5 33.Rxf7+  1-0

[Event "FSIM June"]
[Site "Budapest HUN"]
[Date "2008.06.09"]
[Round "3"]
[White "Galyas,M"]
[Black "Sisatto,O"]
[Result "1/2-1/2"]
[WhiteElo "2455"]
[BlackElo "2273"]

1.d4 d5 2.c4 dxc4 3.e4 Nc6 4.d5 Ne5 5.Qd4 Ng6 6.Nf3 e5 7.Qxc4 a6 8.Be3 Bd6
9.Nbd2 N8e7 10.g3 c6 11.dxc6 Nxc6 12.Bg2 O-O 13.O-O Be6 14.Qe2 Qe7 15.Rfc1 Rad8
16.Nb3 Nb4 17.Nfd2 Rc8 18.Nc4 Rfd8 19.a3 Nc6 20.Nxd6 Qxd6 21.Nc5 Qe7 22.b4 Nd4
23.Bxd4 Rxd4 24.Rc2 Rcd8 25.Rac1 Nf8 26.h4 Bd7 27.Qe3 Bb5 28.a4 Be8 29.Qb3 Ne6
30.Nxe6 Qxe6 31.Qxe6 fxe6 32.Rc5 Rxb4 33.Rxe5 Bxa4 34.Bh3 Bc6 35.Bxe6+ Kh8
36.Bd5 Bxd5 37.exd5 h6 38.Rc7 Rd4 39.Ree7 Rg8 40.Red7 b5 41.Ra7 b4 42.Rxa6 Rb8
43.Raa7 b3 44.Rxg7 b2 45.Rh7+  1/2-1/2

[Event "58th ch-RUS w HL"]
[Site "Chelyabinsk RUS"]
[Date "2008.06.11"]
[Round "8"]
[White "Zaiatz,E"]
[Black "Matveeva,S"]
[Result "1/2-1/2"]
[WhiteElo "2366"]
[BlackElo "2420"]

1.d4 d5 2.c4 dxc4 3.e4 Nf6 4.e5 Nd5 5.Bxc4 Nb6 6.Bd3 Nc6 7.Be3 Nb4 8.Be4 f5
9.exf6 exf6 10.Nc3 f5 11.Bb1 Be7 12.Nf3 O-O 13.O-O f4 14.Bd2 Bf5 15.Qb3+ N4d5
16.Re1 Bxb1 17.Raxb1 c6 18.Nxd5 cxd5 19.Ba5 Rf6 20.Re5 Rd6 21.Bb4 Rd7 22.Bxe7 Rxe7
23.Rxe7 Qxe7 24.Re1 Qd7 25.h4 h6 26.Ne5 Qd6 27.Qh3 Re8 28.Qf5 Rf8 29.Qg6 Rf6
30.Qc2 Re6 31.Rc1 Re7 32.h5 Qf6 33.Qc5 Re8 34.a4 Qe6 35.Qb4 Rc8 36.Rxc8+ Qxc8
37.Qe7 Nxa4 38.Qf7+ Kh7 39.Ng6 Nxb2 40.Nf8+ Kh8 41.Ng6+ Kh7 42.Nf8+ Kh8 43.Ng6+ Kh7
44.Nf8+  1/2-1/2

[Event "Open"]
[Site "Teplice CZE"]
[Date "2008.06.15"]
[Round "2"]
[White "Cermak,J"]
[Black "Snorek,M"]
[Result "0-1"]
[WhiteElo "1687"]
[BlackElo "2127"]

1.d4 d5 2.c4 dxc4 3.e4 e5 4.d5 Nf6 5.Nc3 Nbd7 6.Qa4 Bc5 7.Nf3 O-O 8.Qxc4 a6
9.Bg5 b5 10.Qb3 b4 11.Na4 Bxf2+ 12.Ke2 Ba7 13.Qxb4 Rb8 14.Qc4 a5 15.Bd2 Nb6
16.Nxb6 Rxb6 17.Kd1 Ng4 18.Kc1 Nf2 19.Rg1 Ba6 20.Qc2 Bxf1 21.Rxf1 Rb5 22.a4 Rc5
23.Bc3 Ng4 24.Re1 f5 25.Kb1 f4 26.Qd2 c6 27.b4 Rc4 28.d6 Rf7 29.Qd3 axb4
30.Qxc4 bxc3 31.Ra3 Ne3 32.Rxe3 Qb6+ 33.Rb3 Qxe3 34.Rxc3 Qb6+ 35.Ka2 Qa5
36.Qxc6 Bd4 37.Rc4 h6 38.d7 Bb6 39.Qe6 Bc7 40.Qc6 Bd8 41.Rc5 Qb4 42.Rxe5 Rf6
43.Qd5+ Kh7 44.Qb5 Qc3 45.Rc5 Qe3 46.e5 Rb6 47.Qc4 Be7 48.Qd4 Qb3+  0-1

[Event "Serbia Cup"]
[Site "Zlatibor SRB"]
[Date "2008.06.18"]
[Round "3"]
[White "Ivanisevic,I"]
[Black "Sedlak,N"]
[Result "1-0"]
[WhiteElo "2649"]
[BlackElo "2582"]

1.d4 d5 2.c4 dxc4 3.e4 Nc6 4.Nf3 Bg4 5.d5 Ne5 6.Qd4 Nd3+ 7.Bxd3 cxd3 8.Nc3 Bxf3
9.gxf3 e6 10.Bf4 Qd7 11.O-O-O Ne7 12.Rxd3 exd5 13.Re1 c5 14.Qxc5 Rc8 15.Qxa7 Ng6
16.exd5+ Be7 17.d6 Nxf4 18.Rxe7+ Qxe7 19.d7+ Qxd7 20.Rxd7 Ne2+ 21.Kc2  1-0

[Event "Serbia Cup"]
[Site "Zlatibor SRB"]
[Date "2008.06.18"]
[Round "3"]
[White "Miljkovic,Mir1"]
[Black "Ostojic,N1"]
[Result "1/2-1/2"]
[WhiteElo "2418"]
[BlackElo "2432"]

1.d4 d5 2.c4 dxc4 3.e4 Nf6 4.e5 Nd5 5.Bxc4 Nb6 6.Bd3 Nc6 7.Ne2 Bg4 8.f3 Be6
9.Nbc3 Nb4 10.Be4 N4d5 11.O-O Qd7 12.f4 f5 13.exf6 exf6 14.f5 Bf7 15.Nf4 Nxf4
16.Bxf4 O-O-O 17.Qf3 Nd5 18.Bg3 Bb4 19.a4 Rhe8 20.a5 Bxc3 21.bxc3 Rxe4 22.Qxe4 Nxc3
23.Qc2 Qxd4+ 24.Kh1 Qd2 25.Rfc1 Qxc2 26.Rxc2 Nd5 27.Rd1 Rd7 28.h3  1/2-1/2

[Event "1st Tournoi Circuit Espoirs Europe Playoff"]
[Site "Lyon FRA"]
[Date "2008.06.28"]
[Round "1"]
[White "Feller,S"]
[Black "Edouard,R"]
[Result "0-1"]
[WhiteElo "2540"]
[BlackElo "2509"]

1.d4 d5 2.c4 dxc4 3.e4 e5 4.Nf3 exd4 5.Bxc4 Nc6 6.O-O Be6 7.Bb5 Bc5 8.Nbd2 Ne7
9.Nb3 Bxb3 10.Qxb3 O-O 11.Bxc6 bxc6 12.Qc4 Bb6 13.a4 a5 14.Rd1 c5 15.Bg5 Qd7
16.Ne5 Qe8 17.Nd3 Ng6 18.Nxc5 Qe5 19.Nd7 Qxg5 20.Nxf8 Rxf8 21.g3 Ne5 22.Qf1 Qg4
23.Qg2 Nf3+ 24.Kh1 Qxe4 25.Ra3 Ng5 26.Qxe4 Nxe4 27.Kg2 Rd8 28.Rb1 f5 29.f3 Nf6
30.b4 axb4 31.Ra2 d3 32.a5 Ba7 33.Kf1 c5  0-1

[Event "TCh-TUR"]
[Site "Kocaeli TUR"]
[Date "2008.07.01"]
[Round "14"]
[White "Citak,S"]
[Black "Karadeniz,E"]
[Result "0-1"]
[WhiteElo "2323"]
[BlackElo "2306"]

1.d4 d5 2.c4 dxc4 3.e4 Nf6 4.e5 Nd5 5.Bxc4 Nb6 6.Bb3 Nc6 7.Nf3 Bg4 8.Bxf7+ Kxf7
9.Ng5+ Ke8 10.Qxg4 Qxd4 11.Qxd4 Nxd4 12.Na3 e6 13.O-O Bxa3 14.bxa3 h6 15.Ne4 Nd5
16.Bb2 Nf5 17.Rac1 b6 18.g4 Nh4 19.Nc3 Nxc3 20.Rxc3 c5 21.Rh3 Ng6 22.f4 h5
23.gxh5 Ne7 24.Rd1 Rd8 25.Rxd8+ Kxd8 26.Kf1 Nf5 27.Ke2 Ke7 28.Bc3 g6 29.h6 Rxh6
30.Rxh6 Nxh6 31.Kf3 Kd7 32.Kg3 Kc6 33.Kh4 Nf7 34.Kg4 Kd5 35.h4 Ke4 36.Bd2 c4
37.a4 a5 38.Bc1 c3 39.Ba3 Ke3 40.Bc1+ Ke4 41.Ba3 Kd3 42.h5 gxh5+ 43.Kxh5 Ke4
44.Kg6 Nd8 45.Kf6 Kxf4 46.Bc1+ Ke4 47.Ke7 Nc6+ 48.Kxe6 Nxe5 49.Kd6 Kd4 50.Kc7 Nd3
51.Bh6 Kc4 52.Kxb6 Kb4  0-1

[Event "ChInt Open"]
[Site "Paris FRA"]
[Date "2008.07.03"]
[Round "6"]
[White "David,Alb"]
[Black "Rozentalis,E"]
[Result "1-0"]
[WhiteElo "2562"]
[BlackElo "2582"]

1.d4 d5 2.c4 dxc4 3.e4 Nf6 4.e5 Nd5 5.Bxc4 Nb6 6.Bb3 e6 7.Nf3 c5 8.Bg5 Be7
9.Bxe7 Qxe7 10.Nc3 Nc6 11.Ne4 cxd4 12.Nd6+ Kf8 13.O-O Nd7 14.Nxd4 Ndxe5 15.f4 Qxd6
16.Nxe6+ Ke7 17.Qxd6+ Kxd6 18.fxe5+ Nxe5 19.Nxg7 Bg4 20.Rae1 Nd3 21.Re4  1-0

[Event "FSIM July"]
[Site "Budapest HUN"]
[Date "2008.07.10"]
[Round "6"]
[White "Kahn,E"]
[Black "Rapport,R"]
[Result "1/2-1/2"]
[WhiteElo "2317"]
[BlackElo "2275"]

1.d4 d5 2.c4 dxc4 3.e4 Nf6 4.Nc3 e5 5.d5 b5 6.Bg5 Bb4 7.Nf3 c6 8.Bxf6 Qxf6
9.Be2 O-O 10.O-O Bxc3 11.bxc3 Rd8  1/2-1/2

[Event "19th Czech Oce Open"]
[Site "Pardubice CZE"]
[Date "2008.07.12"]
[Round "4"]
[White "Skacelik,P"]
[Black "Vojta,T"]
[Result "1/2-1/2"]
[WhiteElo "2223"]
[BlackElo "2411"]

1.d4 d5 2.c4 dxc4 3.e4 b5 4.a4 Bb7 5.f3 a6 6.b3 e5 7.axb5 Bb4+ 8.Bd2 Bxd2+
9.Qxd2 axb5 10.Rxa8 Bxa8 11.bxc4 exd4 12.cxb5 Ne7 13.Bd3 O-O 14.Ne2 Qd6 15.O-O Nd7
16.Rd1 Ne5 17.Qb2 Rd8 18.Na3 Qb6 19.Qb1 N7g6 20.Nc1 Nf4 21.Kh1 f5 22.Nc4 Qg6
23.Qa2 Nxc4 24.exf5 Qg5 25.Bxc4+ Kh8 26.Qf2 Qxf5 27.Rxd4 Rf8 28.Nd3 Nxg2
29.Kxg2 Qg5+ 30.Qg3 Bxf3+ 31.Kg1 Qe3+ 32.Qf2 Qg5+ 33.Qg3 Qe3+ 34.Qf2  1/2-1/2

[Event "8th Open"]
[Site "Saint-Chely d'Aubrac FRA"]
[Date "2008.07.17"]
[Round "7"]
[White "Nass,E"]
[Black "Karpatchev,A"]
[Result "0-1"]
[WhiteElo "2105"]
[BlackElo "2460"]

1.d4 d5 2.c4 dxc4 3.e4 Nc6 4.Nf3 Bg4 5.d5 Ne5 6.Bf4 Ng6 7.Be3 e5 8.Bxc4 a6
9.Be2 Nf6 10.Nfd2 Bd7 11.Nc3 Bd6 12.Rc1 O-O 13.O-O b5 14.a3 Qe7 15.Re1 Rfb8
16.Qc2 a5 17.Ncb1 b4 18.axb4 axb4 19.Nb3 Nf4 20.Bf3 Ng4 21.Bxg4 Bxg4 22.f3 Bd7
23.N1d2 Qf6 24.Nc4 Ba4 25.Ra1 h6 26.Bxf4 Qxf4 27.Qd3 Bb5 28.Qc2 Kh7 29.Nca5 Ra6
30.Qc1 Qf6 31.Nc5 Raa8 32.Nab3 Be7 33.Qd2 Qb6 34.Qxb4 Rxa1 35.Rxa1 Be2 36.Qxb6 Rxb6
37.Rc1 Rb4 38.Kf2 Bc4 39.Rc3 Bh4+ 40.g3 Be7 41.Ke3 g5 42.Nd3 Bxd3 43.Kxd3 Bd6
44.Kc2 Ra4 45.Nd2 Ra1 46.Nb1 h5 47.Ra3 Bxa3 48.Nxa3 Kg8 49.Nb5 Kf8 50.Nxc7 Ke7
51.b4 Kd7 52.Nb5 Ra2+ 53.Kd3 Rxh2 54.Nc3 Rg2 55.b5 h4 56.gxh4 gxh4  0-1

[Event "Politiken Cup"]
[Site "Helsingor DEN"]
[Date "2008.07.20"]
[Round "3"]
[White "Savchenko,B"]
[Black "Carstensen,J"]
[Result "1-0"]
[WhiteElo "2578"]
[BlackElo "2309"]

1.d4 d5 2.c4 dxc4 3.e4 e5 4.Nf3 exd4 5.Bxc4 Nc6 6.O-O Be6 7.Bxe6 fxe6 8.Qb3 Qd7
9.Qxb7 Rb8 10.Qa6 Nf6 11.Nbd2 Bd6 12.Nb3 O-O 13.Nbxd4 Nxd4 14.Nxd4 Ng4 15.Qe2 Bxh2+
16.Kh1 Be5 17.Nf3 Qf7 18.Ng5 Qh5+ 19.Nh3 Nxf2+ 20.Rxf2 Qxe2 21.Rxe2 Rf1+
22.Ng1 Rd8 23.Bf4 Rxf4 24.Nf3 Bd4 25.Rd1 e5 26.b4 Rd6 27.Kh2 h6 28.Rc1 Rf7
29.Rc4 g5 30.Kg3 Re7 31.Rec2 Bb6 32.a4 a5 33.bxa5 Bxa5 34.Rc5 Bb6 35.Rxe5 Rxe5
36.Nxe5 Re6 37.Nd7 h5 38.e5 Re7 39.Rd2 Kf7 40.Kf3 Ke6 41.Nxb6 cxb6 42.Ke4 Ra7
43.Rd6+ Ke7 44.Kf5 Rxa4 45.Re6+ Kf7 46.Rf6+ Ke7 47.Re6+ Kf7 48.Rxb6 Rf4+
49.Kxg5 Rg4+ 50.Kf5 Rxg2 51.Rb7+ Ke8 52.Rh7 h4 53.Kf6 Rg8 54.Ra7 Rg2 55.Ra8+ Kd7
56.e6+ Kd6 57.Rd8+  1-0

[Event "19th Czech Chladek & Tintera A Open"]
[Site "Pardubice CZE"]
[Date "2008.07.21"]
[Round "4"]
[White "Cifka,S"]
[Black "Zickus,S"]
[Result "1/2-1/2"]
[WhiteElo "2439"]
[BlackElo "2269"]

1.d4 d5 2.c4 dxc4 3.e4 e5 4.Nf3 exd4 5.Bxc4 Nc6 6.O-O Be6 7.Bxe6 fxe6 8.Qb3 Qd7
9.Qxb7 Rb8 10.Qa6 Nf6 11.Nbd2 Bb4 12.e5 Ng4 13.Nb3 O-O 14.Qd3 Ngxe5 15.Nxe5 Nxe5
16.Qxd4 Bd6 17.Be3 Rb4 18.Qc3 Rc4 19.Qe1 Nf3+ 20.gxf3 Bxh2+ 21.Kxh2 Qd5 22.Rg1 Rh4+
23.Kg3 Qh5 24.Kg2 Qxf3+ 25.Kf1 Qh3+ 26.Ke2 Qf3+ 27.Kd3 Rd8+ 28.Kc3 Qf6+  1/2-1/2

[Event "TIPC GM"]
[Site "Charleroi BEL"]
[Date "2008.07.27"]
[Round "2"]
[White "Van der Stricht,G"]
[Black "Michiels,B"]
[Result "0-1"]
[WhiteElo "2426"]
[BlackElo "2442"]

1.d4 d5 2.c4 dxc4 3.e4 Nc6 4.Nf3 Bg4 5.d5 Ne5 6.Bf4 Ng6 7.Be3 Nf6 8.Nc3 e6
9.Qa4+ Qd7 10.Qxd7+ Kxd7 11.O-O-O e5 12.Bxc4 Bxf3 13.Bb5+ Kd8 14.gxf3 Bd6
15.Rdg1 Nh5 16.h4 Ngf4 17.Bxf4 exf4 18.Rg5 g6 19.e5 h6 20.Rxh5 Bf8 21.Ne2 gxh5
22.Nxf4 Rg8 23.Kd2 Bc5 24.Kd3 Bxf2 25.Ke4 Rg1 26.Rxg1 Bxg1 27.Nxh5 c6 28.dxc6 bxc6
29.Bc4 Ke7 30.Ng7 Rd8 31.Nf5+ Kf8 32.h5 Rd2 33.f4 Rxb2 34.Nxh6 Rb4 35.Kd3 Bh2
36.Ng4 Bxf4 37.h6 Rb1 38.Ke4 Bd2 39.h7 Rh1 40.e6 fxe6 41.Ne5 Rxh7 42.Bxe6 Rc7
43.Kd3 Bg5 44.Bg4 Ke7 45.Kc4 Kd6 46.Nd3 Rh7 47.Bf5 Rh2 48.Kb3 Bf6 49.Bg6 Rd2
50.Bh7 Kd5 51.Bg8+ Kd4 52.Nb4 Kc5 53.Na6+ Kb6 54.Bc4 Rb2+ 55.Ka3 Rb1 56.Bd3 Be7+
57.Ka4 Rb4+  0-1

[Event "TIPC GM"]
[Site "Charleroi BEL"]
[Date "2008.07.28"]
[Round "4"]
[White "Rausis,I"]
[Black "Michiels,B"]
[Result "1-0"]
[WhiteElo "2486"]
[BlackElo "2442"]

1.d4 d5 2.c4 dxc4 3.e4 Nc6 4.Nf3 Bg4 5.d5 Ne5 6.Nbd2 b5 7.b3 Bxf3 8.gxf3 Nd3+
9.Bxd3 cxd3 10.Bb2 Nf6 11.Qb1 c6 12.Qxd3 cxd5 13.Qxb5+ Qd7 14.Qxd7+ Kxd7
15.O-O-O e6 16.Kb1 Rd8 17.Nc4 Ke8 18.Bxf6 gxf6 19.exd5 Rxd5 20.Rxd5 exd5
21.Ne3 Rg8 22.Rd1 f5 23.Rxd5 Rg1+ 24.Kc2 Rh1 25.Re5+ Kd8 26.Rxf5 Rxh2 27.Ng4 Rh3
28.Rxf7 Bc5 29.Rf5 Bb6 30.Kd3 h5 31.Ne3 Rh2 32.Ke2 Rh1 33.Nd5 Ra1 34.Nxb6 Rxa2+
35.Ke3 axb6 36.Rxh5 Rc2 37.Rb5 Rc6 38.f4 Ke7 39.Ke4 Kf7 40.Rf5+ Kg6 41.Re5 Kf7
42.f5 Rc3 43.Rb5 Rc6 44.Kd5 Rf6 45.Kc4 Rc6+ 46.Kb4 Kf6 47.Rd5 Kg5 48.Kb5 Rf6
49.b4 Kf4 50.Ka6 Ke4 51.Rb5 Kd4 52.Rxb6 Rxf5 53.Rc6 Rxf2 54.b5 Kd5 55.Kb7 Rh2
56.b6 Rh1 57.Rc8 Kd6 58.Kb8 Kd7 59.b7 Kd6 60.Rd8+  1-0

[Event "TIPC GM"]
[Site "Charleroi BEL"]
[Date "2008.08.01"]
[Round "8"]
[White "Gharamian,T"]
[Black "Michiels,B"]
[Result "1/2-1/2"]
[WhiteElo "2560"]
[BlackElo "2442"]

1.d4 d5 2.c4 dxc4 3.e4 Nc6 4.Nf3 Bg4 5.d5 Ne5 6.Nbd2 e6 7.Qa4+ Qd7 8.Qxd7+ Nxd7
9.dxe6 Bxe6 10.Nd4 Ne5 11.Nxe6 fxe6 12.Nxc4 Bb4+ 13.Bd2 Bxd2+ 14.Kxd2 Rd8+
15.Ke3 Ng4+ 16.Kf3 N8h6 17.Kg3 O-O 18.f3 Nf6 19.Re1 Rd4 20.h3 Nf7 21.Rc1 c5
22.Ne3 Nd6 23.Kh2 Nd7 24.Be2 Kf7 25.Rc2 Ke7 26.a3 a6 27.Nf1 a5 28.Nd2 a4
29.Nb1 b6 30.Nc3 Ne5 31.Rd1 Nc6 32.Re1  1/2-1/2

[Event "9th Epetium Open"]
[Site "Stobrec CRO"]
[Date "2008.08.02"]
[Round "7"]
[White "Ivic,Mi"]
[Black "Zelenika,I"]
[Result "0-1"]
[WhiteElo "1446"]
[BlackElo "1670"]

1.d4 d5 2.c4 dxc4 3.e4 b5 4.a4 c6 5.axb5 cxb5 6.Be3 Bd7 7.Nf3 a5 8.e5 e6
9.Be2 Ne7 10.O-O Nd5 11.Bd2 Bb4 12.Be1 Nc6 13.Qc2 O-O 14.Nfd2 Nxd4 15.Qe4 Nxe2+
16.Qxe2 Qg5 17.Nf3 Qg6 18.Qd1 Bc6 19.Nd4 Nf4  0-1

[Event "IMB Proclient Cup"]
[Site "Olomouc CZE"]
[Date "2008.08.03"]
[Round "7"]
[White "Lahiri,A"]
[Black "Arslanov,S"]
[Result "1/2-1/2"]
[WhiteElo "2338"]
[BlackElo "2228"]

1.d4 d5 2.c4 dxc4 3.e4 e5 4.Nf3 exd4 5.Bxc4 Nc6 6.O-O Be6 7.Bxe6 fxe6 8.Qb3 Qd7
9.Qxb7 Rb8 10.Qa6 Nf6 11.Nbd2 Bb4 12.Nc4 O-O 13.Nfe5 Nxe5 14.Nxe5 Qd6 15.Qxd6 cxd6
16.Nc6 Rb7 17.Nxd4 e5 18.Nc6 Nxe4 19.Nxb4 Rxb4 20.f3 Nf6 21.b3 Rc8 22.Be3 Rb7
23.Rfc1 Rbc7 24.Rxc7 Rxc7 25.Rc1 Rxc1+ 26.Bxc1 Kf7 27.Kf2 Ke6 28.Ke2 Kd5  1/2-1/2

[Event "Najdorf Memorial Open"]
[Site "Warsaw POL"]
[Date "2008.08.03"]
[Round "2"]
[White "Matuszewski,M"]
[Black "Brodowski,P"]
[Result "1-0"]
[WhiteElo "2233"]
[BlackElo "2424"]

1.d4 d5 2.c4 dxc4 3.e4 Nf6 4.e5 Nd5 5.Bxc4 Nc6 6.Ne2 Nb6 7.Bd3 Nb4 8.Be4 c6
9.Nbc3 g6 10.h4 Bf5 11.Bxf5 gxf5 12.e6 fxe6 13.Nf4 Qxd4 14.Qh5+ Kd7 15.O-O Qf6
16.Re1 e5 17.Be3 e6 18.Rad1+ Kc7 19.a3 N6d5 20.Nxe6+ Qxe6 21.Bd4 Bd6 22.axb4 Nf4
23.Qf3 Qe8 24.Bc5 e4 25.Qe3 Nd3 26.Rxd3  1-0

[Event "Arctic Chess Challenge"]
[Site "Tromso NOR"]
[Date "2008.08.05"]
[Round "4"]
[White "Hagen,Ande"]
[Black "Lahlum,I"]
[Result "1-0"]
[WhiteElo "2084"]
[BlackElo "1828"]

1.d4 d5 2.c4 dxc4 3.e4 e5 4.Nf3 exd4 5.Bxc4 Nc6 6.O-O Bc5 7.Ng5 Ne5 8.Nxf7 Nxf7
9.Bxf7+ Kxf7 10.Qh5+ g6 11.Qxc5 Ne7 12.Bg5 b6 13.Qe5 Rf8 14.Bxe7 Qxe7 15.Qxd4 Bb7
16.Nc3 Rad8 17.Qa4 a5 18.Rac1 Kg7 19.Qc4 Rd2 20.Nd5 Qe5 21.Qxc7+ Qxc7 22.Rxc7+ Rf7
23.Rxf7+ Kxf7 24.Nxb6 Rxb2 25.Nc4 Rb4 26.Nd6+ Ke6 27.Nxb7 Rxb7 28.f4 Rb2
29.f5+ gxf5 30.exf5+ Kf6 31.a3 Rb3 32.Rf3 a4 33.Kf2 h5 34.Kg3 Rb2 35.Kh3 Kf7
36.f6 Rb3 37.Kg3 Rb2 38.h3 Rb3 39.Kh4 Rb5 40.Rf4 Ra5 41.g3 Re5 42.Rxa4 Kxf6
43.Ra6+ Kg7 44.a4 Rd5 45.Rb6 Ra5 46.Rb4 Kg6 47.g4 hxg4 48.hxg4 Ra6 49.Rc4 Rd6
50.a5 Re6 51.Rb4 Re5 52.Ra4 Re8 53.a6 Rh8+ 54.Kg3 Kg5 55.a7 Ra8 56.Kf3 Kg6
57.Ke4  1-0

[Event "Najdorf Memorial Open"]
[Site "Warsaw POL"]
[Date "2008.08.07"]
[Round "6"]
[White "Witek,T"]
[Black "Zickus,S"]
[Result "0-1"]
[WhiteElo "2125"]
[BlackElo "2269"]

1.d4 d5 2.c4 dxc4 3.e4 e5 4.dxe5 Qxd1+ 5.Kxd1 Be6 6.Nc3 Nc6 7.Bf4 Bc5 8.Nd5 O-O-O
9.Bxc4 Bxf2 10.Nf3 Bc5 11.Ke2 h6 12.Rac1 g5 13.Be3 Bxe3 14.Nxe3 Nge7 15.Bxe6+ fxe6
16.Rc5 Ng6 17.g3 Nf8 18.h4 gxh4 19.Rxh4 Nd7 20.Rc1 Ndxe5 21.Nxe5 Nxe5 22.Rch1 Nf7
23.Ng4 Rdg8 24.Rf1 Nd6 25.Ne5 Rxg3 26.Rxh6 Rg2+ 27.Kf3 Rhg8 28.Rxe6 Rxb2
29.Rc1 Nb5 30.Re7 Rxa2 31.Nf7 Nd4+ 32.Ke3 Nc6 33.Re6 Ra3+ 34.Kf4 Nd4  0-1

[Event "Open"]
[Site "Panevezys LTU"]
[Date "2008.08.13"]
[Round "2"]
[White "Zemlickas,A"]
[Black "Kasperavicius,J"]
[Result "0-1"]
[WhiteElo "2095"]
[BlackElo "1825"]

1.d4 d5 2.c4 dxc4 3.e4 Nc6 4.Be3 e6 5.Nc3 Nf6 6.a3 Be7 7.Bxc4 O-O 8.e5 Nd5
9.Nge2 Nxe3 10.fxe3 Bg5 11.Qd2 Na5 12.Ba2 c5 13.Ne4 Be7 14.O-O cxd4 15.exd4 b6
16.b4 Nc6 17.d5 Nxe5 18.d6 Bf6 19.Nxf6+ gxf6 20.Rad1 Ba6 21.a4 Bd3 22.Bb1 Bxb1
23.Rxb1 Rc8 24.Rbc1 f5 25.Rxc8 Qxc8 26.Rc1 Qd8 27.Qd4 Ng4 28.d7 Qe7 29.h3 Nf6
30.Rc8 Nxd7 31.Rxf8+ Nxf8 32.Nf4 Ng6 33.Nh5 e5 34.Qc4 Qd8 35.Kh2 f4 36.Qc6 h6
37.Nf6+ Kh8 38.Ne4 Kg7 39.Nd6 Ne7 40.Ne8+ Kf8 41.Qc7 Kxe8 42.Qxe5 Qd5 43.Qxf4 Nf5
44.Qb8+ Ke7 45.Qxa7+ Qd7 46.Qa6 Qc7+ 47.Kg1 Qc1+ 48.Kf2 Qf4+ 49.Ke2 Qe4+
50.Kd1 Qd4+ 51.Kc2 Ne3+ 52.Kb3 Qd1+ 53.Kc3 Nd5+ 54.Kb2 Qd2+ 55.Ka1  0-1

[Event "Petrovskaya Ladya GM2"]
[Site "Peterhof RUS"]
[Date "2008.08.15"]
[Round "6"]
[White "Brodsky,M"]
[Black "Khuseinkhodzhaev,M"]
[Result "1-0"]
[WhiteElo "2548"]
[BlackElo "2402"]

1.d4 d5 2.c4 dxc4 3.e4 e5 4.Nf3 exd4 5.Bxc4 Bb4+ 6.Nbd2 Nc6 7.O-O Nf6 8.e5 Nd5
9.Nb3 Nb6 10.Bb5 O-O 11.Bxc6 bxc6 12.Bg5 Be7 13.Bxe7 Qxe7 14.Qxd4 Be6 15.Qc5 Qxc5
16.Nxc5 Bd5 17.b3 Rfe8 18.Rfe1 a5 19.Nd4 Rad8 20.e6 fxe6 21.Ndxe6 Rc8 22.f3 Kf7
23.Nd4 Rxe1+ 24.Rxe1 a4 25.Kf2 axb3 26.axb3 Ra8 27.Re2 Ra5 28.Rc2 Ke7 29.h4 g6
30.g4 Ra1 31.Re2+ Kd6 32.Nb7+ Kd7 33.Ne6 Bxe6 34.Nc5+ Kd6 35.Nxe6 Rb1 36.Nf8 Rxb3
37.Nxh7 Nd5 38.Ng5 c5 39.Ne4+ Kc6 40.Rc2 Rb5 41.Kg3 Nb4 42.Rc1 Na2 43.Rxc5+ Rxc5
44.Nxc5 Nc3 45.h5 gxh5 46.gxh5 Nd5 47.Ne4 Kd7 48.h6 Ne7 49.h7 Ng6 50.Kg4 Ke6
51.Kg5 Kf7 52.Kh6 Nh8 53.f4 c6 54.f5 Kf8 55.Nd6 c5 56.f6 c4 57.Nxc4  1-0

[Event "Open A"]
[Site "Vladimir RUS"]
[Date "2008.08.15"]
[Round "4"]
[White "Konovalov,N"]
[Black "Skomorokhin,R"]
[Result "0-1"]
[WhiteElo "2440"]
[BlackElo "2378"]

1.d4 d5 2.c4 dxc4 3.e4 e5 4.Nf3 exd4 5.Bxc4 Bb4+ 6.Bd2 Bxd2+ 7.Nbxd2 Nc6
8.O-O Qf6 9.Bb5 Ne7 10.e5 Qf4 11.Re1 Bg4 12.Qb3 Bxf3 13.Nxf3 O-O-O 14.Bd3 Qh6
15.Qxf7 Rhf8 16.Qc4 g5 17.h3 Rxf3 18.gxf3 Qxh3 19.Qf7 Kb8 20.Be4 Ng6 21.Qf5 Qxf5
22.Bxf5 Ncxe5 23.Kf1 c5 24.Re4 Kc7 25.Rae1 Nxf3 26.Bxg6 Nxe1 27.Re7+ Kd6
28.Rxh7 Nf3 29.Rxb7 Rd7 30.Rxd7+ Kxd7 31.Ke2 Ne5 32.Bf5+ Kd6 33.b3 Kc6 34.f3 Kb5
35.a3 a5 36.Bc2 c4 37.a4+ Kb4 38.bxc4 Kc3 39.Be4 Nxc4  0-1

[Event "Open"]
[Site "Panevezys LTU"]
[Date "2008.08.16"]
[Round "7"]
[White "Beinoraite,V"]
[Black "Kasperavicius,J"]
[Result "1/2-1/2"]
[WhiteElo "2012"]
[BlackElo "1825"]

1.d4 d5 2.c4 dxc4 3.e4 Nc6 4.Be3 e6 5.Bxc4 Nf6 6.Nc3 Bb4 7.Qd3 O-O 8.a3 Bxc3+
9.bxc3 Ng4 10.e5 Nxe3 11.Qxe3 Ne7 12.Ne2 Bd7 13.Bd3 Nf5 14.Qf4 f6 15.Bxf5 exf5
16.O-O fxe5 17.dxe5 Qe7 18.Rfe1 Be6 19.Nd4 g5 20.Qf3 c6 21.Nxe6 Qxe6 22.Rab1 b6
23.a4 Rad8 24.a5 b5 25.Qe3 f4 26.Qxa7 f3 27.Re4 Rf4 28.gxf3 Rxe4 29.fxe4 Qg4+
30.Kf1 Qxe4 31.Re1 Qc4+ 32.Kg2 Qg4+ 33.Kf1 Qh3+ 34.Kg1 Qg4+ 35.Kh1 Qf3+ 36.Kg1 Qg4+
37.Kf1  1/2-1/2

[Event "35th Open"]
[Site "Manresa ESP"]
[Date "2008.08.18"]
[Round "7"]
[White "Almeida Quintana,O"]
[Black "Diamant,A"]
[Result "1/2-1/2"]
[WhiteElo "2524"]
[BlackElo "2393"]

1.d4 d5 2.c4 dxc4 3.e4 Nf6 4.e5 Nd5 5.Bxc4 Nb6 6.Bd3 Nc6 7.Be3 Be6 8.Ne2 Qd7
9.Nbc3 O-O-O 10.Be4 Bf5 11.O-O f6 12.Bxf5 Qxf5 13.Qb3 fxe5 14.d5 Na5 15.Qb4 Nac4
16.Bxb6 Nxb6 17.Qa5 a6 18.Rac1 Qd7 19.b4 e6 20.b5 Nc4 21.bxa6 b6 22.dxe6 Nxa5
23.exd7+ Rxd7 24.Na4 Kb8 25.Nec3 Be7 26.Nb5 Rhd8 27.g3 c6 28.Nxb6 cxb5 29.Nxd7+ Rxd7
30.Rfe1 Ka7 31.Rxe5 Kxa6 32.Rc8 Nc4 33.Rh5 h6 34.Ra8+ Kb6 35.Rb8+ Kc6 36.Rc8+ Kb6
37.Rb8+ Kc6  1/2-1/2

[Event "23rd Open"]
[Site "Schwarzach AUT"]
[Date "2008.08.18"]
[Round "3"]
[White "Smith,Ax"]
[Black "Popa,Cl"]
[Result "1-0"]
[WhiteElo "2427"]
[BlackElo "2172"]

1.d4 d5 2.c4 dxc4 3.e4 c5 4.d5 e6 5.Nc3 Nf6 6.Bxc4 exd5 7.Nxd5 Nxd5 8.Bxd5 Be7
9.Ne2 O-O 10.O-O Nd7 11.Nc3 Nf6 12.Bf4 Nxd5 13.Nxd5 Bd6 14.e5 Bb8 15.Qb3 Be6
16.Rad1 Bxd5 17.Rxd5 Qb6 18.Qc2 f6 19.Rxc5 Bxe5 20.Bxe5 fxe5 21.Rxe5 Rac8
22.Qd2 Rcd8 23.Rd5 Rxd5 24.Qxd5+ Kh8 25.b3 h6 26.g3 Rd8 27.Qf3 Qb4 28.Rc1 Qe7
29.Rc2 b6 30.Kg2 Qd7 31.Rc4 Rc8 32.Rf4 Kg8 33.h4 Qc6 34.Rc4 Qd7 35.Rf4 Qc6
36.Qxc6 Rxc6 37.Rc4 Rd6 38.Rc7 a5 39.Rb7 Kh7 40.h5 Rd2 41.a4 Rd6 42.Rb8 Rf6
43.f3 Rc6 44.g4 Rd6 45.Kf1 Rd2 46.Rxb6 Kg8 47.Ke1 Rb2 48.Rb5 Kf7 49.Kd1 Ke6
50.Kc1 Rf2 51.Rxa5 Rxf3 52.Kb2 Rg3 53.Ra6+ Kd5 54.Rg6  1-0

[Event "Jessie Gilbert Celebration Int"]
[Site "Coulsdon ENG"]
[Date "2008.08.20"]
[Round "5"]
[White "Arkell,K"]
[Black "Sowray,P"]
[Result "1-0"]
[WhiteElo "2506"]
[BlackElo "2327"]

1.d4 d5 2.c4 dxc4 3.e4 b5 4.Nc3 a6 5.a4 b4 6.Nd5 e6 7.Ne3 Bb7 8.f3 c5 9.dxc5 Qxd1+
10.Nxd1 Bxc5 11.Be3 Nd7 12.Bxc4 Rc8 13.Rc1 Ne7 14.Ne2 Bxe3 15.Nxe3 Nc6 16.Nf4 Na5
17.Nd3 Nb6 18.b3 Naxc4 19.Nxc4 Nxc4 20.Rxc4 Rxc4 21.bxc4 a5 22.Kd2 Ke7 23.Nc5 Bc6
24.Ra1 e5 25.Nb3 Ra8 26.h4 Kd6 27.Ke3 Kc7 28.g3 Kb6 29.c5+ Ka6 30.Nd2 Rc8
31.Nc4 Bb7 32.Nxe5 Rxc5 33.Nxf7 Rc3+ 34.Kd4 Rxf3 35.Nd6 Bc6 36.e5 b3 37.e6 b2
38.Rb1 Rb3 39.Nc4 Bxa4 40.Rxb2 Rxb2 41.Nxb2 Be8 42.Nc4  1-0